000 00528nam a22001577a 4500
005 20251108171237.0
008 250721s1985 xx 000 0 ara d
082 1 4 _a041/إبر
100 1 _aالسامرائي، إبراهيم
245 1 0 _aمن حديث أبي الندى :
_bأحاديث و حوار في الأدب و اللغة و الفن و التاريخ /
264 _bدار واسط للنشر و التوزيع،
_c1985.
300 _a203ص
650 1 7 _aالمقالات
942 _2ddc
_cBK
999 _c60275
_d60275